00949nam a2200193Ia 4500008004100000020001800041050002100059245006800080250001900148260003900167300003600206504004600242505031500288650001500603700003600618700003700654700003300691700003100724120625s2007 sp 001 0 spa d a9788448156367 4aTJ211 bF86 200700aFundamentos de robótica c / Antonio Barrientos... [et. al.]  a2a. edición  aEspañab : McGraw Hill c , 2007 axvi, 624 páginas c ; 25 cm.  aBibliografia al final de cada capítulo 0 aMorfologíoa del robot Herramientas matemáticas para la localización espacial Cinemática del robot Dinámica del robot Control cinemático Control dinámico Programación de robots Criterios de implantación de un robot industrial Aplicaciones de los robots Fundamentos de telecoperación  4aROBÓTICA1 aBarrientos, Antonio e , autor 1 aPeñin, Luis Felipe e , autor 1 aBalaguer, Carlos e , autor 1 aAracil, Rafael e , autor